Datum a čas kvízu
33
Celkem bodů
Celkový počet nahraných bodů na tomto kvízu bez doplňovacích otázek.
4.
Pořadí na kvízu
Konečné umístění týmu na tomto kvízu.
Zaznamenané odpovědi
| # | Otázka | Odpověď | Body | Výsledky |
|---|---|---|---|---|
| 1. | Tento rok jsme v Plzni opět mo... | Dny umění nevidomých | 0 | |
| 2. | Kazachstánský parlament v sobo... | Nur-Sultan | 1 | |
| 3. | Letošní ročník ankety Český sl... | Tereza Pergnerová | 1 | |
| 4. | Jistý americký obchodní řetěze... | Walmart | 0 | |
| 5. | Jak se jmenuje 41letá sportovn... | Roger Federer | 1 | |
| 6. | Třetí díl našeho seriálu se vl... | 9 (1929) | 1 | |
| 7. | Po Leninově smrti v roce 1924... | 1B 2A 3C 4D | 0 | |
| 8. | V první polovině 30. let došlo... | Noc dlouhých nožů | 1 | |
| 9. | Ve kterém městě byla roku 1935... | v Norimberku | 0 | |
| 10. | Jak se jmenoval tento muž, kte... | Francisco Franco | 0 |